000 00433nam a2200157 i 4500
001 59971
003 ES-MaACL
005 20230906164130.0
007 t|
008 031031s1972 sp ||||1| spa d
100 1 _aEscamilla, Rafael.
_947493
245 1 0 _aResuelvalo usted mismo /
_cRafael Escamilla.
260 _a[Madrid] :
_bAkal,
_c[1972]
300 _a246 p., 2 lám. :
_bil. ;
_c18 cm.
852 _aES-MaACL
_jC-45360
_bR.83419
999 _c59971
_d59971